Loading...
| Science - Chemistry | 3 | 1 | 1 | 0 | 50 | 37 | 59.50 | 4 | 4 |
| Science - Biology | 0 | 5 | 1 | 1 | 45 | 84 | 100.60 | 2 | 5 |
| Other Science: Astronomy | 1 | 1 | 0 | 1 | 25 | 50 | 61.00 | 2 | 2 |
| Geography | 0 | 2 | 0 | 2 | 20 | 119 | 130.50 | 1 | 2 |
| Science - Physics | 0 | 2 | 1 | 2 | 15 | 127 | 130.50 | 1 | 2 |
| Other Arts: Visual | 0 | 1 | 0 | 1 | 10 | 130 | 130.00 | 0 | 1 |
| Other Academic | 0 | 1 | 0 | 1 | 10 | 123 | 123.00 | 0 | 1 |
| Other Science: Earth Science | 0 | 1 | 0 | 1 | 10 | 143 | 143.00 | 0 | 1 |
| Literature - American Literature | 0 | 1 | 0 | 0 | 10 | 104 | 104.00 | 0 | 1 |
| History - European History | 0 | 1 | 0 | 1 | 10 | 133 | 133.00 | 0 | 1 |
| History - American History | 0 | 1 | 0 | 0 | 10 | 83 | 83.00 | 0 | 1 |